Catálogo - Centro de Recursos para el Aprendizaje y la Investigación

Volver al Sitio - CRAI Biblioteca

Códigos latinoamericanos de procedimiento civil = Latin American codes of criminal procedure / (Registro nro. 113610)

Detalles MARC
000 -CABECERA
campo de control de longitud fija 00955nam a2200229 4500
001 - NÚMERO DE CONTROL
campo de control 113610
003 - IDENTIFICADOR DEL NÚMERO DE CONTROL
campo de control DR-UNIBE
005 - FECHA Y HORA DE LA ÚLTIMA TRANSACCIÓN
campo de control 20250512152527.0
008 - DATOS DE LONGITUD FIJA--INFORMACIÓN GENERAL
campo de control de longitud fija 250512b1996 xxu||||| |||| 00| 0 spa d
040 ## - FUENTE DE LA CATALOGACIÓN
Centro catalogador/agencia de origen BIBLIOTECA UNIBE
Lengua de catalogación spa
Centro/agencia transcriptor BIBLIOTECA UNIBE
Normas de descripción rda
041 ## - CÓDIGO DE LENGUA
Código de lengua del texto/banda sonora o título independiente spa
082 ## - NÚMERO DE LA CLASIFICACIÓN DECIMAL DEWEY
Número de clasificación F 5697
110 10 - ENTRADA PRINCIPAL--NOMBRE DE ENTIDAD CORPORATIVA
Nombre de entidad corporativa o nombre de jurisdicción como elemento de entrada Centro para la Administración de Justicia de la Universidad Internacional de la Florida (CAJ-FIU/USAID)
9 (RLIN) 195196
Término indicativo de función/relación autor
245 10 - MENCIÓN DE TÍTULO
Título Códigos latinoamericanos de procedimiento civil = Latin American codes of criminal procedure /
Mención de responsabilidad, etc. editores: José Ma. Rico, Luis Salas
260 ## - PUBLICACIÓN, DISTRIBUCIÓN, ETC.
Lugar de publicación, distribución, etc. Florida :
Nombre del editor, distribuidor, etc. Centro para la Administración de la Justicia,
Fecha de publicación, distribución, etc. [Fecha no identificada]
300 ## - DESCRIPCIÓN FÍSICA
Extensión 34 páginas :
Dimensiones 27 x 21 cm
490 ## - MENCIÓN DE SERIE
Mención de serie Legislación penal latinoamericana
650 #7 - PUNTO DE ACCESO ADICIONAL DE MATERIA--TÉRMINO DE MATERIA
Fuente del encabezamiento o término lemb
Término de materia o nombre geográfico como elemento de entrada Procedimiento penal
Subdivisión geográfica América Latina
Subdivisión de forma Códigos
9 (RLIN) 195274
700 10 - PUNTO DE ACCESO ADICIONAL--NOMBRE DE PERSONA
Nombre de persona Rico, José Ma
Término indicativo de función/relación editor
9 (RLIN) 195272
700 10 - PUNTO DE ACCESO ADICIONAL--NOMBRE DE PERSONA
Nombre de persona Salas, Luis
9 (RLIN) 12710
Término indicativo de función/relación editor
942 ## - ELEMENTOS DE PUNTO DE ACCESO ADICIONAL (KOHA)
Fuente del sistema de clasificación o colocación Sistema de Clasificación Decimal Dewey
Tipo de ítem Koha Folleto
Existencias
Estado de retiro Estado de pérdida Fuente del sistema de clasificación o colocación Estado dañado No para préstamo Código de colección Localización permanente Fecha de adquisición Total de préstamos Signatura topográfica completa Código de barras Fecha visto por última vez Número de copia Precio válido a partir de Tipo de ítem Koha
  Disponible Sistema de Clasificación Decimal Dewey     Folletos Biblioteca Central UNIBE 08/04/2025   F 5697 F250072 12/05/2025 EJ.1 12/05/2025 Folleto